1489 1125 1574 1722 1313 1513 1285 1427 1396 1257 1120 1610 1624 1035 1274 1928 1515 1677 1232 1956 1044 1395 1807 1465 1703 1772 1781 1475 1425 1890 1452 1463 1870 1055 1538 1647 1479 1912 1865 1489 1098 1390 1642 1283 1376 1768 1991 1795 1370 1962 1861 1491 1651 1626 1779 1083 1375 1756 1340 1085 1211 1545 1083 1061 1190 1362 1632 1391 1255 1800 1132 1911 1357 1526 1705 1414 1464 1118 1299 1001 1203 1541 1217 1118 1950 1505 1802 1590 1082 1857 1727 1704 1229 1739 1001 1017 1104 1040 1491 BCNSPRNW ULIB Ver.6.0+V

เปลี่ยนเป็นภาษาไทย

Change to English
 แสดงรายละเอียดบรรณานุกรม
  กลับหน้าหลัก

Brief Record : Get Marc (ISO 2709) : E-mail record : QR code < ปิดหน้าต่าง
LEADER : 00000nam 2200000uu 4500
001    13399111499
003     ULIB
008    110629s2549||||th 000 0 tha d
020    9741335458
060  4 QU4^bป469ช ล.2
245 00 ชีววิทยา 2 /^ปรีชา สุวรรณพินิจ, นงลักษณ์ สุวรรณพินิจ
250    พิมพ์ครั้งที่ 6
260    กรุงเทพฯ :^bจุฬาลงกรณ์มหาวิทยาลัย,^c2549
300    1267 หน้า
650  7 ชีววิทยา
650  7 วิทยาศาสตร์ชีวภาพ
945    ^p350^l0^i14086
945    ^p350^l0^i14087
995    กัณชพร
999 ^a ใช้งานได้ทุกระบบ
รายการนี้ยังไม่มีแท็ก
คุณยังไม่ได้ล็อกอิน คุณสามารถมีกิจกรรมร่วมกับเว็บไซต์ได้ แต่ต้องล็อกอินก่อน ::
  ล็อกอิน

รายการสื่อสารสนเทศ

ลำดับที่ ประเภท เลขเรียก/บาร์โค้ด สถานที่ สถานะ
- ไม่พบข้อมูล -

รายการใกล้เคียง
    ชื่อเรื่อง [ชีววิทยา 2 /^ปรีชา สุวรรณพินิจ, นงลักษณ์ สุวรรณพินิจ]

    หัวเรื่อง [ชีววิทยา]
    หัวเรื่อง [วิทยาศาสตร์ชีวภาพ]

BibComment


ยังไม่เคยถูกคอมเมนท์

คอมเมนท์ทรัพยากรรายการนี้
  คอมเมนท์: ชีววิทยา 2 ปรีชา ..


 Copyright 2026. Bcnsprnw @Library